000 01200nam a22003857a 4500
001 0029685
003 KOHA_MİRAKIL
005 20260207002706.0
007 ta
008 110422b2010 tu a|||grn|||#0|||0|tur |
020 _a9789751622549
040 _aTR-BiSEU
_btur
_cTR-BiSEU
_erda
041 0 _atur
044 _ctu
050 _aGR280
_b.A28 2010
100 1 _aAcun, Hakkı.
245 1 _aTürk kültüründe taşlar/
_cHakkı Acun ; Hakkı Acun.
264 1 _aAnkara :
_bAtatürk Kültür Dil ve Tarih Yüksek Kurumu
_c2010
300 _a113 sayfa :
_bres. ;
_c18 cm.
336 _ametin
_btxt
_2rdacontent
337 _aaracısız
_bn
_2rdamedia
338 _acilt
_bnc
_2rdacarrier
490 1 _aAtatürk Kültür Merkezi yayını ;
_v389.
490 1 _aAraştırma-İnceleme ;
_v73.
650 0 _aStones--Folklore.
_958588
650 0 _aFolklore--Turkey.
_910544
650 0 _aTraditional medicine--Turkey.
_914513
650 0 _aSepulchral monuments--Turkey.
_916587
650 0 _a
_95500
650 0 _a
_95500
830 1 _aAtatürk Kültür Merkezi yayını ;
_v389.
_96684
830 1 _aAraştırma-İnceleme ;
_v73.
_96252
907 _aAraştırma
942 _2lcc
_cBK
999 _c29606
_d29606